[Event "SLO-chT2 Ost"]
[Site "Slovenia"]
[Date "2010.09.25"]
[Round "5"]
[White "Basa, Vili"]
[Black "Vadlja, Branko"]
[Result "1/2-1/2"]
[WhiteElo "1666"]
[BlackElo "1995"]
[PlyCount "37"]
[EventDate "2010.05.29"]
[EventType "team-tourn"]
[EventRounds "9"]
[EventCountry "SLO"]
[SourceTitle "EXT 2022"]
[Source "ChessBase"]
[SourceDate "2021.10.06"]
[SourceVersion "1"]
[SourceVersionDate "2021.10.06"]
[SourceQuality "1"]

1. Nf3 d5 2. d4 Nf6 3. Bg5 e6 4. e3 Be7 5. Nbd2 Nbd7 6. Bd3 c5 7. c3 h6 8. Bh4 0-0 9. 0-0 Qc7 10. Bg3 Bd6 11. Bxd6 Qxd6 12. h3 b6 13. e4 dxe4 14. Nxe4 Qe7 15. dxc5 Nxc5 16. Nxc5 Qxc5 17. Qe2 Bb7 18. Rfe1 Rad8 19. Rad1 1/2-1/2

[Event "SLO-chT2 Ost"]
[Site "Slovenia"]
[Date "2010.09.25"]
[Round "6"]
[White "Kodric, Franc"]
[Black "Basa, Vili"]
[Result "0-1"]
[WhiteElo "1500"]
[BlackElo "1666"]
[PlyCount "104"]
[EventDate "2010.05.29"]
[EventType "team-tourn"]
[EventRounds "9"]
[EventCountry "SLO"]
[SourceTitle "EXT 2022"]
[Source "ChessBase"]
[SourceDate "2021.10.06"]
[SourceVersion "1"]
[SourceVersionDate "2021.10.06"]
[SourceQuality "1"]

1. d4 Nf6 2. Bf4 d6 3. Nf3 g6 4. c4 c6 5. e3 Bg7 6. Nc3 Nh5 7. Bg3 Nxg3 8. hxg3 Bg4 9. Qc2 Qc7 10. Bd3 Na6 11. a3 Rc8 12. Ng5 h6 13. Nh3 Qd8 14. Nf4 g5 15. Nh5 Bxh5 16. Rxh5 Nc7 17. 0-0-0 e6 18. Qb3 Rb8 19. Qc2 Rc8 20. f4 gxf4 21. gxf4 d5 22. c5 f5 23. g4 fxg4 24. Qg2 Qf6 25. Qxg4 Kd7 26. f5 Rce8 27. fxe6+ Kd8 28. Rf5 h5 29. Qf4 Qxe6 30. Kc2 Bh6 31. Qh4+ Qe7 32. Rf6 Bg7 33. Rd6+ Kc8 34. Qg3 Kb8 35. Bf5 Rd8 36. Re6 Qf7 37. Rf1 Ka8 38. Bh3 Qxf1 39. Bxf1 Nxe6 40. Qh4 Rdf8 41. Bh3 Bf6 42. Qg3 h4 43. Qh2 Ng5 44. b4 Nxh3 45. Qxh3 Rhg8 46. b5 Rd8 47. bxc6 bxc6 48. Qe6 Rc8 49. Qxf6 h3 50. Qf3 h2 51. Ne2 Rcf8 52. Nf4 Rg1 0-1